000 00971nam a2200241 a 4500
001 78899
003 BD-RjUL
005 20211209083204.0
008 211125s19981418mr ||||| |||| 00| 0 ara d
035 _a(BD-RjUL)
040 _aBD-RjUL
_beng
_cBD-RjUL
041 _aara
082 _223
_a297.09586
_bASH 1997
100 _a يف, أركين رحمة الله، ;; yaf 'arkin rahmat allahi,
_9250632
245 1 4 _aالحضارة الإسلامية في تاجيكستان ;; alhadarat al'iislamiat fi tajikistan /
_c أركين رحمة الله يف، عبد الله يولدا شيف يولدا شيف ;; 'arkin rahmat allah yifi, abd allah yulida shif yulda shif
260 _aالإيسيسكو،
_c1998
300 _a182 p. ;
_c26 cm
650 _aIslamic civilization
_9250633
650 _aTajikistan
_9250634
650 _aCivilization
_vIslam
_9250635
700 _ashyf abd allah yulida ;; شيف, عبد الله يولدا
_9250636
942 _2ddc
_cBK
999 _c78899
_d78899